Integrated Waste Management System
Princípy a potenciál integrovaného systému nakladania s pevným odpadom. Znižovanie odpadu pri zdroji, zhodnocovanie a recyklácia zdrojov. Hierarchia nakladania s odpadmi. Zložky integrovaného systému odpadového hospodárstva. Princíp "znečisťovateľ platí". Cirkulárna ekonomika.
Saved in:
| Main Author: | |
|---|---|
| Other Authors: | |
| Format: | Book Chapter |
| Language: | English |
| Subjects: | |
| Tags: |
No Tags, Be the first to tag this record!
|
MARC
| LEADER | 00000nla a2200000 4500 | ||
|---|---|---|---|
| 001 | 0243870 | ||
| 005 | 20240417075140.0 | ||
| 041 | 0 | |a eng | |
| 044 | |a RO | ||
| 245 | 1 | 0 | |a Integrated Waste Management System |c Elsanosi Emhemed, Dušan Kudelas |
| 520 | |a Princípy a potenciál integrovaného systému nakladania s pevným odpadom. Znižovanie odpadu pri zdroji, zhodnocovanie a recyklácia zdrojov. Hierarchia nakladania s odpadmi. Zložky integrovaného systému odpadového hospodárstva. Princíp "znečisťovateľ platí". Cirkulárna ekonomika. | ||
| 610 | 2 | 0 | |a riadenie |
| 610 | 2 | 0 | |a manažment |
| 610 | 2 | 0 | |a hospodárstvo odpadové |
| 610 | 2 | 0 | |a odpad |
| 610 | 2 | 0 | |a využitie odpadu |
| 610 | 2 | 0 | |a spracovanie odpadu |
| 610 | 2 | 0 | |a recyklácia odpadu |
| 610 | 2 | 0 | |a likvidácia odpadu |
| 610 | 2 | 0 | |a rozvoj trvalo udržateľný |
| 100 | 1 | |a Emhemed, Elsanosi | |
| 700 | 1 | |a Kudelas, Dušan | |